[Event "DEM U12/U12w 2010"]
[Site "Oberhof GER"]
[Date "2010.05.29"]
[Round "11"]
[White "Klöckner, Connor"]
[Black "Gerken, Frieso"]
[Result "1-0"]
[Termination "normal"]
[Board "25"]
[WhiteElo "1543"]
[BlackElo "1434"]
[PlyCount "49"]
[BlackFideId "1270505"]
[EventCountry "GER"]
[EventRounds "11"]
[EventType "swiss"]
[EventDate "2010.05.22"]

1. d4 d5 2. Nf3 Nf6 3. e3 c5 4. c3 Qc7 5. Bd3 Nc6 6. Nbd2 e5 7. dxe5 Nxe5 8.
Nxe5 Qxe5 9. Nf3 Qh5 10. O-O Bd6 11. Bb5+ Bd7 12. Bxd7+ Nxd7 13. Re1 O-O-O 14.
a4 g5 15. Qxd5 Be7 16. a5 Nf6 17. Qxg5 Qxg5 18. Nxg5 Rhf8 19. e4 h6 20. Nf3 Rh8
21. Ne5 Rh7 22. f3 Bd6 23. Nc4 Kc7 24. Nxd6 Rxd6 25. Bf4 1-0

[Event "DEM U12/U12w 2010"]
[Site "Oberhof GER"]
[Date "2010.05.29"]
[Round "11"]
[White "Kaplun, David"]
[Black "Heldt, Ronny"]
[Result "0-1"]
[Termination "normal"]
[Board "26"]
[WhiteElo "1787"]
[BlackElo "1584"]
[PlyCount "76"]
[WhiteFideId "12901954"]
[BlackFideId "12903973"]
[EventCountry "GER"]
[EventRounds "11"]
[EventType "swiss"]
[EventDate "2010.05.22"]

1. d4 e6 2. c4 Bb4+ 3. Nd2 f5 4. a3 Bxd2+ 5. Qxd2 a5 6. b3 Nf6 7. e3 b6 8. Nf3
Bb7 9. Be2 O-O 10. O-O d6 11. Bb2 Qe7 12. Rac1 Nbd7 13. h3 e5 14. c5 bxc5 15.
dxc5 Nxc5 16. Qc2 Be4 17. Qd1 Rfb8 18. Rc3 Kh8 19. Bc4 h6 20. Nh4 Qd7 21. Nf3
g5 22. Nd2 f4 23. exf4 gxf4 24. Nxe4 Ncxe4 25. Rd3 Qg7 26. Bd5 Nxd5 27. Rxd5
Rg8 28. Qf3 Ng5 29. Qh5 Rab8 30. Rd3 Ne4 31. Qf3 Nc5 32. Rc3 Rxb3 33. Rxb3 Nxb3
34. Rd1 Nc5 35. Rc1 Nd3 36. Rb1 Nxb2 37. Rxb2 e4 38. Qg4 Qxb2 0-1

[Event "DEM U12/U12w 2010"]
[Site "Oberhof GER"]
[Date "2010.05.29"]
[Round "11"]
[White "Samietz, Jannick"]
[Black "Angrick, Philipp"]
[Result "1-0"]
[Termination "normal"]
[Board "27"]
[WhiteElo "1362"]
[BlackElo "1528"]
[PlyCount "119"]
[WhiteFideId "12918091"]
[BlackFideId "12912298"]
[EventCountry "GER"]
[EventRounds "11"]
[EventType "swiss"]
[EventDate "2010.05.22"]

1. d4 d5 2. c4 e6 3. Nc3 f5 4. e3 c6 5. Bd3 Nf6 6. f3 Be7 7. Nge2 O-O 8. Qc2
Qe8 9. cxd5 Nxd5 10. e4 Nb4 11. Qd1 Nxd3+ 12. Qxd3 fxe4 13. fxe4 Nd7 14. Nf4 e5
15. Ne6 Bh4+ 16. g3 Bxg3+ 17. Qxg3 Qxe6 18. Rg1 Rf7 19. Be3 exd4 20. Bxd4 Nf6
21. O-O-O b6 22. Bxf6 Qxf6 23. e5 Qf4+ 24. Qxf4 Rxf4 25. Rd8+ Rf8 26. Rgd1 Bg4
27. Rxf8+ Kxf8 28. Rd6 c5 29. Nd5 Re8 30. Ne3 Bh3 31. Nc4 Bf1 32. Ne3 Bh3 33.
Nc4 Be6 34. Nd2 Bc8 35. Nc4 Ba6 36. Nxb6 axb6 37. Rxb6 Bc4 38. b3 Bf7 39. a4
Rxe5 40. a5 c4 41. b4 Be8 42. a6 Re7 43. Rb7 Bc6 44. Rb8+ Kf7 45. b5 Ke6 46.
Rb6 Rc7 47. Rxc6+ Kd7 48. Rxc7+ Kxc7 49. Kc2 h5 50. Kc3 g5 51. Kxc4 Kb6 52. Kd5
h4 53. Ke4 g4 54. Kf4 g3 55. hxg3 h3 56. Kf3 Kxb5 57. a7 h2 58. Kg2 Kb6 59.
a8=Q h1=Q+ 60. Kxh1 1-0

[Event "DEM U12/U12w 2010"]
[Site "Oberhof GER"]
[Date "2010.05.29"]
[Round "11"]
[White "Nobis, Anna"]
[Black "Schmekel, Florian"]
[Result "1-0"]
[Termination "normal"]
[Board "28"]
[WhiteElo "1428"]
[BlackElo "1523"]
[PlyCount "133"]
[WhiteFideId "1270302"]
[BlackFideId "12913456"]
[EventCountry "GER"]
[EventRounds "11"]
[EventType "swiss"]
[EventDate "2010.05.22"]

1. e4 c5 2. Nc3 Nc6 3. f4 g6 4. Nf3 Bg7 5. g3 e6 6. Bg2 Nge7 7. O-O O-O 8. d3
d6 9. Be3 Bd7 10. Rb1 Qb8 11. g4 Nd4 12. Ne2 Nxe2+ 13. Qxe2 b5 14. Nh4 Bc6 15.
f5 exf5 16. gxf5 Bf6 17. Qg4 Qc8 18. Qg3 Qd8 19. fxg6 Nxg6 20. Nxg6 fxg6 21.
Bf2 Be5 22. Qg4 Bd7 23. Qe2 Qg5 24. Kh1 Bg4 25. Qe1 Bf3 26. Rg1 Qh6 27. Bg3 Bd4
28. Rf1 Bxg2+ 29. Kxg2 Rxf1 30. Qxf1 Qd2+ 31. Kh1 Rf8 32. Qg2 Qxg2+ 33. Kxg2
Be5 34. Bxe5 dxe5 35. Rf1 Rxf1 36. Kxf1 Kg7 37. Kf2 g5 38. Ke3 h5 39. c3 g4 40.
Kf2 h4 41. Kg2 Kf6 42. h3 g3 43. Kf3 Ke6 44. b3 a5 45. a3 Kd6 46. Ke3 c4 47.
dxc4 bxc4 48. b4 Kc6 49. Kf3 Kb5 50. Ke3 Kb6 51. Kf3 Ka6 52. Ke3 Kb6 53. Kf3
Kb5 54. Ke3 axb4 55. axb4 Ka4 56. Kf3 Kb3 57. b5 Kxc3 58. b6 Kd3 59. b7 c3 60.
b8=Q c2 61. Qxe5 c1=Q 62. Qd5+ Kc2 63. Qc4+ Kd2 64. Qxc1+ Kxc1 65. e5 Kd2 66.
e6 Ke1 67. Kg2 1-0

[Event "DEM U12/U12w 2010"]
[Site "Oberhof GER"]
[Date "2010.05.29"]
[Round "11"]
[White "Mann, Johannes"]
[Black "von Reppert, Marc"]
[Result "1-0"]
[Termination "normal"]
[Board "29"]
[WhiteElo "1657"]
[BlackElo "1321"]
[PlyCount "93"]
[WhiteFideId "24691380"]
[BlackFideId "12918130"]
[EventCountry "GER"]
[EventRounds "11"]
[EventType "swiss"]
[EventDate "2010.05.22"]

1. e4 e6 2. d4 d5 3. Nc3 Nf6 4. Bg5 Be7 5. e5 Nfd7 6. h4 h6 7. Qh5 g6 8. Bxe7
Qxe7 9. Qg4 a6 10. O-O-O c5 11. f4 h5 12. Qf3 c4 13. g4 hxg4 14. Qxg4 Rh5 15.
Be2 b5 16. Qg3 Rh6 17. h5 b4 18. Nb1 Nc6 19. hxg6 Rxg6 20. Qf2 Nb6 21. Rh8+ Kd7
22. Bh5 Rg7 23. f5 Qg5+ 24. Rd2 Qxg1+ 25. Qxg1 Rxg1+ 26. Rd1 Rxd1+ 27. Kxd1 Nd8
28. f6 Ra7 29. Rf8 Rb7 30. Nd2 Na4 31. b3 Nc3+ 32. Ke1 cxb3 33. Nxb3 Ne4 34.
Bxf7 Ng5 35. Nc5+ Kc7 36. Bg8 Ra7 37. Re8 Ndf7 38. Bxf7 Nxf7 39. Nxe6+ Bxe6 40.
Rxe6 Kd8 41. Rb6 a5 42. e6 Ng5 43. Rb8+ Kc7 44. e7 Kxb8 45. e8=Q+ Kb7 46. f7
Nh7 47. f8=Q 1-0

[Event "DEM U12/U12w 2010"]
[Site "Oberhof GER"]
[Date "2010.05.29"]
[Round "11"]
[White "Röhlich, Philipp"]
[Black "Heinemann, Josefine"]
[Result "1/2-1/2"]
[Termination "normal"]
[Board "30"]
[WhiteElo "1690"]
[BlackElo "1376"]
[PlyCount "38"]
[WhiteFideId "24692832"]
[BlackFideId "12900460"]
[EventCountry "GER"]
[EventRounds "11"]
[EventType "swiss"]
[EventDate "2010.05.22"]

1. e4 c5 2. Nc3 Nc6 3. g3 g6 4. Bg2 Bg7 5. Nge2 e6 6. d3 d6 7. Be3 e5 8. Qd2
Nge7 9. Bh6 O-O 10. h4 Bxh6 11. Qxh6 f6 12. Qe3 Be6 13. h5 g5 14. f4 h6 15. Rf1
Nd4 16. Qd2 Bg4 17. Rh1 Nec6 18. Nxd4 Nxd4 19. Kf2 Qb6 1/2-1/2

[Event "DEM U12/U12w 2010"]
[Site "Oberhof GER"]
[Date "2010.05.29"]
[Round "11"]
[White "Böhm, Jana"]
[Black "Schnepper, Pauline"]
[Result "1/2-1/2"]
[Termination "normal"]
[Board "31"]
[WhiteElo "1298"]
[BlackElo "1536"]
[PlyCount "30"]
[WhiteFideId "24661589"]
[BlackFideId "12918040"]
[EventCountry "GER"]
[EventRounds "11"]
[EventType "swiss"]
[EventDate "2010.05.22"]

1. e4 c6 2. d4 d5 3. exd5 cxd5 4. Bd3 Nc6 5. c3 Nf6 6. Bf4 e6 7. Nf3 Bd6 8.
Bxd6 Qxd6 9. O-O O-O 10. Re1 h6 11. Nbd2 a6 12. Qe2 Re8 13. Rad1 Bd7 14. Ne5
Rac8 15. Nb3 Qc7 1/2-1/2

[Event "DEM U12/U12w 2010"]
[Site "Oberhof GER"]
[Date "2010.05.29"]
[Round "11"]
[White "Brandl, Lea"]
[Black "Schumann, Rabea"]
[Result "1-0"]
[Termination "normal"]
[Board "32"]
[WhiteElo "1529"]
[BlackElo "1140"]
[PlyCount "51"]
[WhiteFideId "24693049"]
[BlackFideId "12918199"]
[EventCountry "GER"]
[EventRounds "11"]
[EventType "swiss"]
[EventDate "2010.05.22"]

1. d4 d5 2. c4 e6 3. Nc3 Nf6 4. Bg5 Be7 5. Nf3 O-O 6. e3 c6 7. Qc2 Nbd7 8.
O-O-O Re8 9. Bd3 Nf8 10. h4 h6 11. Bxf6 Bxf6 12. Rdg1 dxc4 13. Bxc4 e5 14. dxe5
Bxe5 15. g4 Bd6 16. h5 Be7 17. Ne5 Be6 18. Bxe6 fxe6 19. f4 Bc5 20. Qe2 Qe7 21.
g5 hxg5 22. Rxg5 Nh7 23. Rg2 Qc7 24. h6 Bf8 25. hxg7 Bxg7 26. Qh5 1-0

[Event "DEM U12/U12w 2010"]
[Site "Oberhof GER"]
[Date "2010.05.29"]
[Round "11"]
[White "Hartmann, Jakob"]
[Black "Böhme, Mathis"]
[Result "1-0"]
[Termination "normal"]
[Board "33"]
[WhiteElo "1402"]
[BlackElo "1080"]
[PlyCount "57"]
[WhiteFideId "12918067"]
[BlackFideId "12900443"]
[EventCountry "GER"]
[EventRounds "11"]
[EventType "swiss"]
[EventDate "2010.05.22"]

1. e4 d5 2. exd5 Nf6 3. d4 Nxd5 4. c4 Nb6 5. Nc3 e5 6. d5 Bc5 7. Nf3 Bg4 8. Bd3
O-O 9. O-O f5 10. Be2 Bxf3 11. Bxf3 Nxc4 12. d6 e4 13. Qd5+ Rf7 14. Be2 Nxd6
15. Qxc5 Nd7 16. Qd4 Qh4 17. Nb5 Nxb5 18. Bxb5 Nb6 19. b3 Qg4 20. Ba3 c6 21.
Bc4 Nxc4 22. Qxc4 Re8 23. Rad1 f4 24. f3 exf3 25. Rxf3 h6 26. Rdf1 g6 27. Rxf4
Qxf4 28. Rxf4 Re1+ 29. Kf2 1-0

[Event "DEM U12/U12w 2010"]
[Site "Oberhof GER"]
[Date "2010.05.29"]
[Round "11"]
[White "Lemke, Berfîn"]
[Black "Wendland, Tobias"]
[Result "1-0"]
[Termination "normal"]
[Board "34"]
[WhiteElo "1318"]
[BlackElo "1630"]
[PlyCount "39"]
[WhiteFideId "1270578"]
[BlackFideId "24662267"]
[EventCountry "GER"]
[EventRounds "11"]
[EventType "swiss"]
[EventDate "2010.05.22"]

1. e4 e6 2. Nf3 d5 3. e5 c5 4. b4 cxb4 5. a3 Nc6 6. axb4 Bxb4 7. c3 Be7 8. d4
Bd7 9. Bd3 Qb6 10. O-O Bd8 11. Ng5 Bxg5 12. Bxg5 Nge7 13. Na3 O-O 14. Nb5 Nc8
15. Qh5 h6 16. Bf6 Nxe5 17. dxe5 Bxb5 18. Qg4 g5 19. Qh5 Bxd3 20. Qxh6 1-0

[Event "DEM U12/U12w 2010"]
[Site "Oberhof GER"]
[Date "2010.05.29"]
[Round "11"]
[White "Borukhson, David"]
[Black "Gheng, Christian"]
[Result "1/2-1/2"]
[Termination "normal"]
[Board "36"]
[WhiteElo "1414"]
[BlackElo "1574"]
[PlyCount "98"]
[BlackFideId "24660345"]
[EventCountry "GER"]
[EventRounds "11"]
[EventType "swiss"]
[EventDate "2010.05.22"]

1. e4 c5 2. Nf3 d6 3. d4 cxd4 4. Qxd4 Nc6 5. Bb5 Bd7 6. Bxc6 bxc6 7. Nc3 e5 8.
Qd3 Nf6 9. O-O Be7 10. Nd2 Be6 11. Nc4 Qc7 12. Ne3 Rd8 13. f4 d5 14. exd5 Nxd5
15. f5 Nf4 16. Qe4 Rd4 17. Qf3 Bd5 18. Nexd5 Nxd5 19. Nxd5 cxd5 20. c3 Re4 21.
Rd1 Qb6+ 22. Kh1 O-O 23. b3 Rd8 24. c4 Rd4 25. cxd5 e4 26. Qe2 Qb5 27. Qe1 Qxd5
28. Rxd4 Qxd4 29. Be3 Qd7 30. Qg1 Qxf5 31. Bxa7 Bf6 32. Rf1 Qa5 33. Bb6 Qxa2
34. Bxd8 Bxd8 35. Rd1 Bf6 36. Qb6 h6 37. b4 Qe2 38. Qd6 Bc3 39. Rb1 Qc2 40. Qd1
Qxd1+ 41. Rxd1 Bxb4 42. Rd4 Be7 43. Rxe4 Bf6 44. g3 Kh7 45. Kg2 g5 46. Kf3 Kg6
47. h3 Bg7 48. g4 h5 49. Ra4 Be5 1/2-1/2

[Event "DEM U12/U12w 2010"]
[Site "Oberhof GER"]
[Date "2010.05.29"]
[Round "11"]
[White "Weis, Olga"]
[Black "Blösch, Christoph"]
[Result "0-1"]
[Termination "normal"]
[Board "37"]
[WhiteElo "1153"]
[BlackElo "1332"]
[PlyCount "60"]
[WhiteFideId "1270234"]
[BlackFideId "12918121"]
[EventCountry "GER"]
[EventRounds "11"]
[EventType "swiss"]
[EventDate "2010.05.22"]

1. e4 e5 2. Nf3 Nf6 3. Nxe5 d6 4. Nf3 Nxe4 5. d3 Nf6 6. d4 d5 7. Bg5 Bg4 8. Bd3
Bd6 9. O-O O-O 10. Nc3 c6 11. Re1 Nbd7 12. h3 Bh5 13. Be2 Qc7 14. Ne5 Bxe2 15.
Qxe2 Rfe8 16. f4 a6 17. Qf3 Qb6 18. Qd3 Nxe5 19. fxe5 Bxe5 20. Be3 Bd6 21. Na4
Qc7 22. Nc3 Ne4 23. Nxe4 Rxe4 24. c4 Rae8 25. cxd5 cxd5 26. Rac1 Rxe3 27. Rxc7
Rxe1+ 28. Kf2 Bxc7 29. Qf5 R8e7 30. Kf3 Rf1+ 0-1

[Event "DEM U12/U12w 2010"]
[Site "Oberhof GER"]
[Date "2010.05.29"]
[Round "11"]
[White "Müller, Max"]
[Black "Mierzwa, Robert"]
[Result "1/2-1/2"]
[Termination "normal"]
[Board "38"]
[WhiteElo "1365"]
[BlackElo "1345"]
[PlyCount "38"]
[WhiteFideId "12900486"]
[BlackFideId "12918113"]
[EventCountry "GER"]
[EventRounds "11"]
[EventType "swiss"]
[EventDate "2010.05.22"]

1. e4 e6 2. d4 d5 3. Nd2 Nf6 4. e5 Nfd7 5. c3 b6 6. Bd3 Ba6 7. Bc2 c5 8. Ndf3
Nc6 9. Ne2 Be7 10. h4 Qc7 11. a3 f6 12. Nf4 Nf8 13. Nh5 O-O-O 14. exf6 Bxf6 15.
Nxf6 gxf6 16. dxc5 bxc5 17. b4 Ne5 18. Bb2 Nxf3+ 19. Qxf3 Qe5+ 1/2-1/2

[Event "DEM U12/U12w 2010"]
[Site "Oberhof GER"]
[Date "2010.05.29"]
[Round "11"]
[White "Sadjjadi, Anahita"]
[Black "Trotzke, Johannes"]
[Result "1/2-1/2"]
[Termination "normal"]
[Board "40"]
[WhiteElo "1016"]
[BlackElo "1357"]
[PlyCount "88"]
[BlackFideId "12918105"]
[EventCountry "GER"]
[EventRounds "11"]
[EventType "swiss"]
[EventDate "2010.05.22"]

1. e4 e6 2. d4 d5 3. Nd2 dxe4 4. Nxe4 Nd7 5. Nf3 Ngf6 6. Bd3 c5 7. c3 b6 8. Bf4
Bb7 9. Qe2 Be7 10. Bd6 Nxe4 11. Bxe7 Nxc3 12. Bxd8 Nxe2 13. Bxb6 axb6 14. Kxe2
O-O 15. dxc5 Nxc5 16. Bc2 Ba6+ 17. Kd2 Rfd8+ 18. Kc1 Nd3+ 19. Bxd3 Bxd3 20. b3
Rac8+ 21. Kb2 Rc2+ 22. Ka3 Rxf2 23. Rhg1 h6 24. Rad1 Ra8+ 25. Kb4 Bg6 26. a4
Rb2 27. Rd2 Rxd2 28. Nxd2 e5 29. Re1 f6 30. Kb5 Rb8 31. Nc4 Bd3 32. Kc6 Rc8+
33. Kxb6 Bxc4 34. bxc4 Rxc4 35. a5 Ra4 36. Rb1 e4 37. a6 e3 38. a7 e2 39. Kb7
Rb4+ 40. Rxb4 e1=Q 41. a8=Q+ Kh7 42. Qf8 Qe2 43. h3 Qxg2+ 44. Ka7 Qa2+ 1/2-1/2

[Event "DEM U12/U12w 2010"]
[Site "Oberhof GER"]
[Date "2010.05.29"]
[Round "11"]
[White "Kluge, Leyla"]
[Black "Kast, Larissa"]
[Result "1-0"]
[Termination "normal"]
[Board "41"]
[WhiteElo "1199"]
[BlackElo "1136"]
[PlyCount "55"]
[WhiteFideId "12918172"]
[BlackFideId "24699055"]
[EventCountry "GER"]
[EventRounds "11"]
[EventType "swiss"]
[EventDate "2010.05.22"]

1. c4 e6 2. Nc3 d5 3. cxd5 exd5 4. d4 Nc6 5. g3 Nf6 6. Bg2 Bb4 7. Nf3 Bf5 8.
O-O O-O 9. Bf4 Re8 10. Bg5 Bxc3 11. bxc3 h6 12. Bf4 Ne4 13. Rc1 Qd7 14. c4 dxc4
15. Rxc4 Rad8 16. Be3 Be6 17. Rc2 Nb4 18. Ne5 Qd5 19. Rxc7 Nxa2 20. Qc2 Bf5 21.
g4 Bh7 22. f4 Nb4 23. Qb1 f6 24. Qxb4 fxe5 25. fxe5 Rc8 26. Rxc8 Rxc8 27. Bc1
Rc4 28. Qf8# 1-0

[Event "DEM U12/U12w 2010"]
[Site "Oberhof GER"]
[Date "2010.05.29"]
[Round "11"]
[White "Niggl, Michael"]
[Black "Niemeyer, Maximilian"]
[Result "1/2-1/2"]
[Termination "normal"]
[Board "42"]
[WhiteElo "1275"]
[BlackElo "793"]
[PlyCount "50"]
[WhiteFideId "12918164"]
[EventCountry "GER"]
[EventRounds "11"]
[EventType "swiss"]
[EventDate "2010.05.22"]

1. c4 e5 2. Nc3 Nc6 3. g3 d6 4. Bg2 Be6 5. d3 Qd7 6. Nf3 Bh3 7. O-O h5 8. a3 h4
9. Nxh4 Rxh4 10. Bxh3 Rxh3 11. b4 f5 12. f3 Nf6 13. Be3 f4 14. gxf4 exf4 15.
Bxf4 Qf5 16. Bg3 Nh5 17. Qe1 Qg5 18. Kg2 Nxg3 19. hxg3 Qh6 20. Rh1 Rxh1 21.
Qxh1 Qxh1+ 22. Rxh1 O-O-O 23. Rh7 Nd4 24. Kf2 Nc2 25. Nb1 c5 1/2-1/2

[Event "DEM U12/U12w 2010"]
[Site "Oberhof GER"]
[Date "2010.05.29"]
[Round "11"]
[White "Reksten, Anne"]
[Black "Wanner, Lukas"]
[Result "1/2-1/2"]
[Termination "normal"]
[Board "43"]
[WhiteElo "1383"]
[BlackElo "1309"]
[PlyCount "121"]
[WhiteFideId "24692778"]
[BlackFideId "12918148"]
[EventCountry "GER"]
[EventRounds "11"]
[EventType "swiss"]
[EventDate "2010.05.22"]

1. c4 c6 2. g3 d5 3. Bg2 Nf6 4. Nf3 Bf5 5. b3 e6 6. Bb2 Nbd7 7. d3 Bd6 8. Nbd2
O-O 9. e4 dxe4 10. dxe4 Bxe4 11. Bxf6 Nxf6 12. Nxe4 Nxe4 13. O-O Nf6 14. Qc2
Qc7 15. Rad1 Rad8 16. Rd2 Bb4 17. Rxd8 Rxd8 18. Bh3 Qd6 19. Bg2 Qd3 20. Qb2 h6
21. Rc1 Qd6 22. Qc2 Ba3 23. Re1 Qd3 24. Qxd3 Rxd3 25. Re2 Rd1+ 26. Re1 Rxe1+
27. Nxe1 Kf8 28. Kf1 Ke7 29. Ke2 Bc5 30. Nd3 Bd6 31. h3 Nd7 32. Ke3 Nc5 33.
Nxc5 Bxc5+ 34. Ke2 Kd6 35. f4 e5 36. Kd3 exf4 37. gxf4 Ke6 38. Ke4 f5+ 39. Kf3
Kf6 40. Kg3 Kg6 41. Bf1 Kf6 42. h4 g5 43. fxg5+ hxg5 44. hxg5+ Kxg5 45. Kf3 Kf6
46. Ke2 Ke5 47. Bg2 Kd4 48. Kd1 Ke3 49. Ke1 Bb4+ 50. Kf1 Kd3 51. Bh3 Kc2 52.
Bxf5+ Kb2 53. Bc8 b6 54. Bd7 c5 55. Ba4 Kxa2 56. Ke2 Ka3 57. Kd3 Ba5 58. Kc2 a6
59. Bc6 Be1 60. Bb7 a5 61. Bc6 1/2-1/2

[Event "DEM U12/U12w 2010"]
[Site "Oberhof GER"]
[Date "2010.05.29"]
[Round "11"]
[White "Sherif, Amina"]
[Black "Azizowa, Laura"]
[Result "1-0"]
[Termination "normal"]
[Board "44"]
[WhiteElo "1081"]
[BlackElo "1078"]
[PlyCount "41"]
[WhiteFideId "12911690"]
[EventCountry "GER"]
[EventRounds "11"]
[EventType "swiss"]
[EventDate "2010.05.22"]

1. e4 e6 2. Nf3 d5 3. Nc3 Nf6 4. e5 Ng4 5. d4 Nh6 6. Bf4 Ng8 7. Bd3 c5 8. dxc5
Bxc5 9. O-O Bd7 10. Qe2 Nc6 11. a3 Qc7 12. Bg3 O-O-O 13. Ng5 Rf8 14. Rfe1 f6
15. exf6 Nd4 16. Qd2 Qd8 17. fxg7 Nf6 18. gxh8=Q Rxh8 19. Nf7 Qf8 20. Nxh8 Qxh8
21. Qf4 1-0

[Event "DEM U12/U12w 2010"]
[Site "Oberhof GER"]
[Date "2010.05.29"]
[Round "11"]
[White "Schmid, Katharina"]
[Black "Alsheimer, Lea"]
[Result "1/2-1/2"]
[Termination "normal"]
[Board "45"]
[WhiteElo "1056"]
[BlackElo "1127"]
[PlyCount "46"]
[WhiteFideId "12918210"]
[BlackFideId "12918180"]
[EventCountry "GER"]
[EventRounds "11"]
[EventType "swiss"]
[EventDate "2010.05.22"]

1. e4 c5 2. Nf3 Nc6 3. Nc3 e6 4. Be2 a6 5. a4 Qc7 6. O-O Nf6 7. d3 Be7 8. Be3
d6 9. d4 O-O 10. Bd3 b6 11. Qe2 Bb7 12. Rad1 Rfe8 13. Rfe1 Rad8 14. h3 a5 15.
Ng5 h6 16. Nf3 Nd7 17. Nb5 Qb8 18. c3 Rf8 19. d5 exd5 20. exd5 Nce5 21. Nxe5
Nxe5 22. Bc2 Ba6 23. Qh5 Bxb5 1/2-1/2

[Event "DEM U12/U12w 2010"]
[Site "Oberhof GER"]
[Date "2010.05.29"]
[Round "11"]
[White "Lamottke, Svenja"]
[Black "Schramm, Anna-Lena"]
[Result "1/2-1/2"]
[Termination "normal"]
[Board "46"]
[WhiteElo "963"]
[BlackElo "945"]
[PlyCount "84"]
[WhiteFideId "12918229"]
[BlackFideId "12918237"]
[EventCountry "GER"]
[EventRounds "11"]
[EventType "swiss"]
[EventDate "2010.05.22"]

1. e4 e5 2. Nf3 Nc6 3. Bc4 Nf6 4. d3 Bc5 5. O-O d6 6. Be3 Bg4 7. h3 Bh5 8. Bxc5
dxc5 9. Nbd2 Nd4 10. c3 Nxf3+ 11. Nxf3 O-O 12. d4 cxd4 13. Re1 dxc3 14. Qxd8
Raxd8 15. g4 Bg6 16. bxc3 Nxe4 17. Nxe5 Nxc3 18. Nxg6 hxg6 19. Re7 Rc8 20. Kg2
b5 21. Bd3 Nd5 22. Re4 a6 23. h4 Nf6 24. Rf4 Nd5 25. Re4 Rcd8 26. Bc2 Nf6 27.
Rf4 Rd2 28. Bb3 a5 29. a4 Rb2 30. Bd1 b4 31. Rf3 Nxg4 32. Rf4 Ne5 33. Re4 Nd3
34. Be2 Nc5 35. Re5 Nb7 36. h5 gxh5 37. Bxh5 Rd8 38. Bf3 Nd6 39. Rh1 Nc4 40.
Re4 Na3 41. Reh4 Kf8 42. Re4 Kg8 1/2-1/2

[Event "DEM U12/U12w 2010"]
[Site "Oberhof GER"]
[Date "2010.05.29"]
[Round "11"]
[White "Silber, Stefanie"]
[Black "Holle, Niklas"]
[Result "0-1"]
[Termination "time forfeit"]
[Board "47"]
[WhiteElo "847"]
[BlackElo "1024"]
[PlyCount "42"]
[WhiteFideId "12918245"]
[EventCountry "GER"]
[EventRounds "11"]
[EventType "swiss"]
[EventDate "2010.05.22"]

1. e4 e5 2. Nf3 Nc6 3. d4 exd4 4. Nxd4 Qh4 5. Nc3 Bb4 6. Ndb5 Bxc3+ 7. bxc3
Qxe4+ 8. Be2 Qe5 9. f4 Qf6 10. Nxc7+ Kd8 11. Nxa8 Qxc3+ 12. Bd2 Qc5 13. c4 Nf6
14. Qb3 Re8 15. Bc3 Ng4 16. O-O-O Qe3+ 17. Rd2 Qxf4 18. Bxg4 Qxg4 19. g3 Qe4
20. Bxg7 Qxh1+ 21. Kb2 Qf1 0-1